20 drapeaux aléatoire ! - Statistiques

Statistiques générales
  • Ce quiz a été pris 1 028 fois
  • Le résultat moyen est 11 sur 20
Statistiques - réponses
Par images Hint Réponse % Correct
Pays Algérie
100%
Pays Egypte
100%
Pays Maroc
100%
Pays Turquie
96%
Etats des USA Californie
95%
Pays Côte d'Ivoire
95%
Pays Israël
95%
Pays Mexique
95%
Pays Tchéquie
95%
Pays Canada
94%
Pays Chypre
94%
Pays France
94%
Pays Géorgie
94%
Pays Hongrie
94%
Pays Vatican
94%
Pays Inde
93%
Pays Malte
93%
Pays Nouvelle Zélande
93%
Pays Irak
92%
Pays Macédoine du Nord
92%
Pays Portugal
91%
Pays Qatar
91%
Pays Corée du Sud
90%
Pays Italie
90%
Pays Japon
90%
Animé One Piece
90%
Pays Pakistan
90%
Pays Pays-Bas
90%
Pays Pologne
90%
Pays Bosnie-Herzégovine
89%
Pays Iran
89%
Pays Jamaïque
89%
Pays République démocratique du Congo
89%
Pays Ukraine
89%
Pays Allemagne
88%
Pays Chili
88%
Pays Chine
88%
Pays Kazakhstan
88%
Pays Guatemala
87%
Pays Monténégro
87%
Pays Roumanie
86%
Pays Tanzanie
86%
Pays Burkina Faso
85%
Pays Moldavie
85%
Pays Irlande
84%
Organisation Sportive Jeux Olympiques
84%
Pays Luxembourg
84%
Pays Viet Nam
84%
Pays Bahreïn
83%
Pays Espagne
83%
Détroit Gibraltar
83%
Organisation Mondiale ONU
83%
Pays Suède
83%
Pays Suisse
83%
Pays Thaïlande
83%
Pays Uruguay
83%
Pays Australie
82%
Pays Bulgarie
82%
Pays Honduras
82%
Pays Nicaragua
82%
Pays Sénégal
82%
Pays Singapour
82%
Ancien Pays URSS
82%
Pays Argentine
81%
Pays Cambodge
81%
Pays Colombie
81%
Pays Etats-Unis
81%
Pays Liban
81%
Pays Slovaquie
81%
Pays Angola
80%
Pays Azerbaïdjan
80%
Pays Belgique
80%
Pays Corée du Nord
80%
Pays Mongolie
80%
Pays Serbie
80%
Etats des USA Arkansas
79%
Religion Judaïsme
79%
Pays Kiribati
79%
Pays Panama
79%
Pays Paraguay
79%
Pays Saint marin
79%
Pays Slovénie
79%
Pays Afghanistan
78%
Pays Biélorussie
78%
Pays Grèce
78%
Etats des USA Kansas
78%
Pays Andorre
77%
Pays Fidji
77%
Pays Kirghizistan
77%
Pays Turkménistan
77%
Pays Brésil
76%
Pays Russie
76%
Pays Tunisie
76%
Pays Albanie
75%
Pays Autriche
75%
Pays Bahamas
75%
Pays Cameroun
75%
Pays Croatie
75%
Pays Niger
75%
Pays Norvège
75%
Pays République centrafricaine
75%
Pays Comores
74%
Pays Estonie
74%
Pays Monaco
74%
Organisation Sportive Tour de France
74%
Pays Bhoutan
73%
Pays Equateur
73%
Pays Maldives
73%
Communauté Pirate
73%
Pays Sri Lanka
73%
Etats des USA Wisconsin
73%
Pays Madagascar
72%
Pays Cap-Vert
71%
Etats des USA Dakota du Nord
71%
Pays Eswatini
71%
Pays Népal
71%
Pays Oman
71%
Pays Sainte Lucie
71%
Pays Yémen
71%
Empire Empire Romain
70%
Etats des USA Idaho
70%
Pays Indonésie
70%
Pays Mali
70%
Pays Zimbabwe
70%
Pays Arabie Saoudite
69%
Pays Émirats arabes unis
69%
Pays Islande
69%
Pays Kenya
69%
Etats des USA Nevada
69%
Etats des USA Oregon
69%
Pays Suriname
69%
Pays Afrique du Sud
67%
Etats des USA Iowa
67%
Pays Laos
67%
Pays Lituanie
67%
Pays Malaisie
67%
Pays Mozambique
67%
Pays Salvador
67%
Pays Danemark
65%
Pays Finlande
65%
Pays Micronésie
65%
Pays Ouganda
65%
Pays Tchad
65%
Pays Togo
65%
Pays Arménie
64%
Pays Bangladesh
64%
Pays Barbade
64%
Pays Lesotho
64%
Pays Libéria
64%
Pays Papouasie Nouvelle Guinée
64%
Pays Pérou
64%
Pays Venezuela
64%
Pays Lettonie
63%
Etats des USA Montana
63%
Pays Ouzbékistan
62%
Pays Palestine
62%
Pays Syrie
62%
Pays Burundi
61%
Pays Costa Rica
61%
Pays Cuba
61%
Ecole Fictif Poudlard
61%
Pays République du Congo
61%
Pays Tuvalu
61%
Pays Belize
60%
Pays Mauritanie
60%
Pays République dominicaine
60%
Pays Soudan du Sud
60%
Etats des USA Oklahoma
59%
Pays Sierra Leone
59%
Pays Antigua-et-Barbuda
58%
Pays Ghana
58%
Etats des USA Kentucky
58%
Pays Namibie
58%
Pays Zambie
58%
Etats des USA Dakota du Sud
57%
Pays Ethiopie
57%
Pays Somalie
57%
Pays Tadjikistan
57%
Pays Bolivie
56%
Pays Guyana
56%
Pays Marshall
56%
Pays Samoa
56%
Pays Malawi
55%
Pays Philippines
54%
Pays Vanuatu
54%
Mouvement Communisme
53%
Pays Grenade
53%
Pays Palaos
53%
Pays Royaume-Unis
53%
Pays Tonga
53%
Organisation Mondiale UNESCO
53%
Pays Brunei
52%
Pays Gambie
50%
Empire Japon
50%
Pays Jordanie
50%
Pays Koweït
50%
Pays Saint-Vincent-et-les-Grenadines
50%
Pays Seychelles
50%
Pays Soudan
50%
Etats des USA Virginie
50%
Etats des USA Washington
50%
Etats des USA Wyoming
50%
Pays Trinité-et-Tobago
48%
Ile du Danemark Groenland
47%
ile Ile de Man
47%
Religion Islam
47%
Pays Nauru
47%
Etats des USA Texas
47%
Pays Birmanie
46%
Organisation Mondiale UNICEF
46%
Ancien Pays Allemagne Nazi
45%
Etats des USA Vermont
45%
Pays Gabon
44%
Ile Guam
44%
Pays Niue
44%
Pays Sao Tomé
44%
Religion Christianisme
43%
Pays Guinée Equatoriale
43%
Pays Irlande du Nord
43%
Pays Bénin
42%
Etats des USA Illinois
42%
Pays Lybie
42%
Pays Djibouti
41%
Pays Guinée
41%
Etats des USA Maine
41%
Pays Erythrée
40%
Pays Haïti
39%
Pays Hong Kong
38%
Archipel Jersey
38%
Organisation Mondiale OTAN
38%
Ile Porto Rico
38%
Etats des USA Floride
37%
Organisation Sportive Jeux Paralympiques
36%
Archipel Iles Cook
33%
Enseigne Pharmacie
33%
Organisation Mondiale OMS
31%
Archipel Saint Pierre et Miquelon
31%
Peuple Fictif Wakanda
31%
Etats des USA Caroline du Nord
30%
Pays Salomon
30%
Etats des USA Virginie-Occidentale
30%
Ile Anguilla
29%
Ville Paris
29%
Ile Samoa Américaine
29%
Pays Timor Orientale
29%
Organisation Continentale UE
29%
Archipel Iles Féroés
28%
Etats des USA Ohio
28%
République dont l'indépendance est contestée Haut-Karabagh
27%
Etats des USA New Hampshire
27%
Pays Rwanda
27%
Archipel Iles Caïmans
26%
Archipel Iles Vierges Américaines
26%
Archipel Svalbard
26%
Archipel Açores
25%
Mouvement Féministe
25%
Archipel Guernesey
25%
Etats des USA Tennessee
25%
Etat non reconnu Somaliland
24%
Archipel Iles vierges britanniques
23%
Empire Allemagne / Empire Germanique
22%
Etats des USA Pennsylvanie
22%
Détroit Torres
22%
Territoire Contesté Chypre du Nord
21%
Archipel Iles Cocos
21%
Pays Macao
21%
Etats des USA Nebraska
21%
Etat non reconnu Sahara Occidental
21%
Etats des USA Alabama
20%
Ile Åland
20%
Pays Dominique
20%
Pays Saint-Christophe-et-Niévès
20%
Communauté Franc-Maçonnerie
19%
Ile Ile Christmas
19%
Archipel Iles Mariannes du Nord
19%
Ile Nouvelle Calédonie
19%
Royaume Royaume de France
19%
Religion Bouddhisme
18%
Etats des USA Colorado
18%
Etats des USA Indiana
18%
Etats des USA Alaska
17%
Ile Aruba
17%
Etats des USA Louisiane
17%
Pays Lichtenstein
16%
Ile Saba
16%
Archipel Wallis et Futuna
16%
Communauté AntiFa
15%
Archipel Iles Turques et Caïques
15%
Ile Norfolk
15%
Etats des USA Géorgie
14%
Archipel Iles Canaries
14%
Ile Saint Martin
14%
Région Autonome Transnistrie
14%
Archipel Galapagos
13%
Etats des USA Hawaï
13%
Archipel Iles Malouines
13%
Ile Montserrat
13%
Archipel Polynésie
13%
Ile Saint Barthélémy
13%
Ile Saint Maarten
13%
Etats des USA Arizona
12%
Etats des USA Mississippi
12%
République dont l'indépendance est contestée Abkhazie
11%
Etats des USA Caroline du Sud
11%
Ile non indépendante Crète
11%
Ile Curaçao
11%
Peuple Francophonie
11%
Ile Ile de Vancouver
11%
Etats des USA Massachusetts
11%
Etats des USA Minessota
11%
Etats des USA New York
11%
Archipel Baléares
10%
Etats des USA Connecticut
10%
Archipel Ile Pitcairn
10%
Archipel Madère
10%
Etats des USA New Jersey
10%
Ile Bermudes
9%
Archipel Géorgie du Sud et Iles Sandwichs
9%
Ile Tokelau
9%
Etats des USA Michigan
8%
Etats des USA Missouri
7%
Organisation Mondiale OPEP
7%
Mouvement Paix
7%
Ile Bonaire
6%
Mouvement Ecologie
6%
Pays Guniée Bissau
6%
République dont l'indépendance est contestée Ossétie du Sud-Alanie
6%
Ile Saint Hélène
6%
Etats des USA Delaware
5%
Empire Empire Byzantin
5%
Empire Empire Perse
5%
ile Gotland
5%
Etats des USA Maryland
5%
Peuple Tzigane
5%
Peuple Autochtone d'Australie
4%
Etats des USA Utah
4%
ile Ascension
0%
Mouvement Autiste
0%
Archipel non indépendante Bali
0%
Ile Ile de Pâque
0%
Ville Montréal
0%
Etats des USA Nouveau Mexique
0%
Mouvement Résistance Française
0%
Etats des USA Rhode Islande
0%
Ile Saint Eustache
0%
Association Scout du Monde
0%
ile Tristan da Cunha
0%
Aucun quiz correspondant
Distribution des résultats
% des personnes avec chaque résultat
Percentile par nombre de réponses
Votre historique - résultats
Vous n’avez pas pris ce quiz